<?xml version="1.0" encoding="UTF-8"?>
<record
    xmlns:xsi="http://www.w3.org/2001/XMLSchema-instance"
    xsi:schemaLocation="http://www.loc.gov/MARC21/slim http://www.loc.gov/standards/marcxml/schema/MARC21slim.xsd"
    xmlns="http://www.loc.gov/MARC21/slim">

  <leader>01073nam a2200241 a 4500</leader>
  <controlfield tag="001">49078</controlfield>
  <controlfield tag="003">BD-RjUL</controlfield>
  <controlfield tag="005">20211209054630.0</controlfield>
  <controlfield tag="008">160817s1967    ii ||||| |||| 00| 0 ben d</controlfield>
  <datafield tag="020" ind1=" " ind2=" ">
    <subfield code="c">: IRs.12.00</subfield>
  </datafield>
  <datafield tag="035" ind1=" " ind2=" ">
    <subfield code="a">(BD-RjUL)49197</subfield>
  </datafield>
  <datafield tag="040" ind1=" " ind2=" ">
    <subfield code="a">BD-RjUL</subfield>
    <subfield code="b">ben</subfield>
    <subfield code="c">BD-RjUL</subfield>
    <subfield code="d">BD-RjUL</subfield>
  </datafield>
  <datafield tag="041" ind1=" " ind2=" ">
    <subfield code="a">ben</subfield>
  </datafield>
  <datafield tag="082" ind1=" " ind2=" ">
    <subfield code="2">23</subfield>
    <subfield code="a">891.4408</subfield>
    <subfield code="b">MUT 1967</subfield>
  </datafield>
  <datafield tag="100" ind1=" " ind2=" ">
    <subfield code="a">&#x9AE;&#x9C1;&#x996;&#x9CB;&#x9AA;&#x9BE;&#x9A7;&#x9CD;&#x9AF;&#x9BE;&#x9AF;&#x9BC;, &#x9A4;&#x9CD;&#x9B0;&#x9C8;&#x9B2;&#x9CB;&#x995;&#x9CD;&#x9AF;&#x9A8;&#x9BE;&#x9A5;</subfield>
    <subfield code="9">147644</subfield>
  </datafield>
  <datafield tag="245" ind1="1" ind2="0">
    <subfield code="a">&#x9A4;&#x9CD;&#x9B0;&#x9C8;&#x9B2;&#x9CB;&#x995;&#x9CD;&#x9AF;-&#x9B0;&#x99A;&#x9A8;&#x9BE;&#x9B8;&#x9AE;&#x9CD;&#x9AD;&#x9BE;&#x9B0; /</subfield>
    <subfield code="c">&#x9A4;&#x9CD;&#x9B0;&#x9C8;&#x9B2;&#x9CB;&#x995;&#x9CD;&#x9AF;&#x9A8;&#x9BE;&#x9A5; &#x9AE;&#x9C1;&#x996;&#x9CB;&#x9AA;&#x9BE;&#x9A7;&#x9CD;&#x9AF;&#x9BE;&#x9AF;&#x9BC;, &#x9AA;&#x9CD;&#x9B0;&#x9AE;&#x9A5;&#x9A8;&#x9BE;&#x9A5; &#x9AC;&#x9BF;&#x9B6;&#x9C0; &#x9B8;&#x9AE;&#x9CD;&#x9AA;&#x9BE;&#x9A6;&#x9BF;&#x9A4;</subfield>
  </datafield>
  <datafield tag="260" ind1=" " ind2=" ">
    <subfield code="a">&#x995;&#x9B2;&#x9BF;&#x995;&#x9BE;&#x9A4;&#x9BE; :</subfield>
    <subfield code="b">&#x9AE;&#x9BF;&#x9A4;&#x9CD;&#x9B0; &#x993; &#x998;&#x9CB;&#x9B7;,</subfield>
    <subfield code="c">&#x9E7;&#x9EF;&#x9EC;&#x9ED; (&#x9E7;&#x9E9;&#x9ED;&#x9EA;)</subfield>
  </datafield>
  <datafield tag="300" ind1=" " ind2=" ">
    <subfield code="a">[&#x9E8;&#x9E8;], &#x9EB;&#x9EB;&#x9E6; &#x9AA;&#x9C3;. ;</subfield>
    <subfield code="c">&#x9E8;&#x9E9; &#x9B8;&#x9C7;&#x9AE;&#x9BF;.</subfield>
  </datafield>
  <datafield tag="650" ind1=" " ind2=" ">
    <subfield code="a">&#x9AC;&#x9BE;&#x982;&#x9B2;&#x9BE; &#x9B8;&#x9BE;&#x9B9;&#x9BF;&#x9A4;&#x9CD;&#x9AF;</subfield>
    <subfield code="v">&#x9B8;&#x982;&#x997;&#x9CD;&#x9B0;&#x9B9;</subfield>
    <subfield code="9">122719</subfield>
  </datafield>
  <datafield tag="650" ind1=" " ind2=" ">
    <subfield code="a">Bengali literature</subfield>
    <subfield code="v">Collection</subfield>
    <subfield code="9">122720</subfield>
  </datafield>
  <datafield tag="700" ind1=" " ind2=" ">
    <subfield code="a">&#x9AC;&#x9BF;&#x9B6;&#x9C0;, &#x9AA;&#x9CD;&#x9B0;&#x9AE;&#x9A5;&#x9A8;&#x9BE;&#x9A5; &#x9B8;&#x9AE;&#x9CD;&#x9AA;&#x9BE;&#x9A6;&#x9BF;&#x9A4;</subfield>
    <subfield code="9">147645</subfield>
  </datafield>
  <datafield tag="942" ind1=" " ind2=" ">
    <subfield code="2">ddc</subfield>
    <subfield code="c">BK</subfield>
  </datafield>
  <datafield tag="999" ind1=" " ind2=" ">
    <subfield code="c">49078</subfield>
    <subfield code="d">49078</subfield>
  </datafield>
  <datafield tag="952" ind1=" " ind2=" ">
    <subfield code="0">0</subfield>
    <subfield code="1">0</subfield>
    <subfield code="2">ddc</subfield>
    <subfield code="4">0</subfield>
    <subfield code="7">0</subfield>
    <subfield code="8">NFIC</subfield>
    <subfield code="a">RUCL</subfield>
    <subfield code="b">RUCL</subfield>
    <subfield code="c">Stack</subfield>
    <subfield code="d">1973-08-18</subfield>
    <subfield code="e">Indian govt. gift</subfield>
    <subfield code="l">0</subfield>
    <subfield code="o">B 891.4408 MUT 1967</subfield>
    <subfield code="r">2016-08-17 00:00:00</subfield>
    <subfield code="t">C-2</subfield>
    <subfield code="w">2016-08-17</subfield>
    <subfield code="y">BK</subfield>
  </datafield>
  <datafield tag="952" ind1=" " ind2=" ">
    <subfield code="0">0</subfield>
    <subfield code="1">0</subfield>
    <subfield code="2">ddc</subfield>
    <subfield code="4">0</subfield>
    <subfield code="7">0</subfield>
    <subfield code="8">NFIC</subfield>
    <subfield code="a">RUCL</subfield>
    <subfield code="b">RUCL</subfield>
    <subfield code="c">Stack</subfield>
    <subfield code="d">1974-10-08</subfield>
    <subfield code="e">Janathan Wren &amp; co., London</subfield>
    <subfield code="g">12.00</subfield>
    <subfield code="l">0</subfield>
    <subfield code="o">B 891.4408 MUT 1967</subfield>
    <subfield code="r">2016-08-17 00:00:00</subfield>
    <subfield code="t">C-3</subfield>
    <subfield code="w">2016-08-17</subfield>
    <subfield code="y">BK</subfield>
  </datafield>
  <datafield tag="952" ind1=" " ind2=" ">
    <subfield code="0">0</subfield>
    <subfield code="1">0</subfield>
    <subfield code="2">ddc</subfield>
    <subfield code="4">0</subfield>
    <subfield code="7">0</subfield>
    <subfield code="8">NFIC</subfield>
    <subfield code="a">RUCL</subfield>
    <subfield code="b">RUCL</subfield>
    <subfield code="c">Stack</subfield>
    <subfield code="d">1973-06-01</subfield>
    <subfield code="e">wtassBangla Library</subfield>
    <subfield code="g">12.00</subfield>
    <subfield code="l">0</subfield>
    <subfield code="o">B 891.4408 MUT 1967</subfield>
    <subfield code="r">2016-08-20 00:00:00</subfield>
    <subfield code="t">C-5</subfield>
    <subfield code="w">2016-08-20</subfield>
    <subfield code="y">BK</subfield>
  </datafield>
</record>
